00450 a2200097 4500100003600000245012200036260005500158942000700213999001900220952011300239 aMuhammed Iqbal. A (2011-17-110) aDiversity and distribution of polypores in the moist deciduous forests of Peechi- Vazhani wildlife sanctuary. Kerala  aVellanikkarabKerala Agricultural Universityc2015 cTH c307434d307434 00102ddc40708WILaKAUCOFbKAUCOFcNRMd2015-09-03l0pKAU_COF-T-123r2015-09-03 00:00:00w2015-09-03yTH